000 00689nam a2200241 a 4500
001 70031
003 BD-RjUL
005 20211209081945.0
008 170415s1958 enka b 00| 0 eng d
035 _a(BD-RjUL)70243
040 _aDLC/ICU
_cCGU
_dUKM
_dBD-RjUL
_beng
041 _aeng
082 0 _a535.3
_223
_bLOA 1958
100 1 _aLothian, G. F.
_9207413
245 1 0 _aAbsorption spectrophotometry /
_cG. F. Lothian.
250 _a2d ed.
260 _aLondon :
_bHilger & Watts,
_c1958
300 _avi, 246 p. :
_bill. ;
_c23 cm.
504 _aIncludes bibliography and Indexes
650 0 _aAbsorption spectra.
_9205560
650 0 _aSpectrophotometry.
_9167132
942 _2ddc
_cBK
999 _c70031
_d70031